000 00395nam a2200157Ia 4500
008 230917s9999||||xx |||||||||||||| ||und||
040 _e197256
_aMAIN
041 _aEnglish
082 _a620.104 O3E(2)
100 _aO'Reilly, Oliver M
245 0 _aEngineering dynamics: A primer
250 _a2nd ed.
260 _aNew York
_bSpringer-Verlag
_c2010
300 _axvi, 238 p.
942 _cBK
999 _c157956
_d157956